| 000 | 00523nam a2200181Ia 4500 | ||
|---|---|---|---|
| 003 | OSt | ||
| 005 | 20210104132106.0 | ||
| 008 | 190216s9999||||xx |||||||||||||| ||und|| | ||
| 020 | _a9788171301348 | ||
| 040 | _coclc | ||
| 082 |
_a894.8121 _bAYY/A |
||
| 100 |
_aAyyappapaniker, K _97323 |
||
| 245 | 0 |
_aAyyappapanikerute Kruthikal / _cK Ayyappapaniker |
|
| 260 |
_bCurrent Books, _aKottayam: _c2006. |
||
| 300 | _a189p | ||
| 650 | _aMalayalam | ||
| 942 |
_cBK _2ddc _h894.8121 _iAYY/A _k894.8121 _mAYY/A |
||
| 999 |
_c28558 _d28558 |
||